Missing Word: Lions and Tigers and Bears Quiz Stats

 Plays Quiz Updated Feb 11, 2015

Challenge
Share
Tweet
Embed
Score 0/18 Timer 03:00
2 Plays Today
Hint Word % Correct
TigerKung
98.5%
LionWizard
98.3%
TigerWinnie
98.2%
TigerBook
98%
LionNarnia
96%
TigerDoctor
95.6%
LionKing
90.1%
TigerPi
88.3%
BearGreat
84.6%
Hint Word % Correct
BearZoo
78.9%
LionFree
75.6%
BearGolden
73%
BearFall
63.5%
TigerMeaning
59.2%
LionAfrica
58.1%
BearOpen
47.4%
BearHotel
30.3%
LionDarkness
18.3%

Today's Daily Dose

You're not logged in!

Compare scores with friends on all Sporcle quizzes.
OR
Log In

You Might Also Like...

Show Comments

Extras

Top Quizzes Today


Score Distribution

Your Account Isn't Verified!

In order to create a playlist on Sporcle, you need to verify the email address you used during registration. Go to your Sporcle Settings to finish the process.

Report this User

Report this user for behavior that violates our Community Guidelines.

Details: